01353 a2200169 45000010006000000050017000060080041000230030015000640400040000790800016001192450040001350200018001752640106001933000019002995050842003181000023011605971320260407155851.0260407a2004 arg spa dAR-UNSa-BCEJYS aAR-UNSa-BCEJYSbspacAR-UNSa-BCEJYS a34xDerecho10aLa injusticia extrema no es derecho a987-03-0361-7 1aBuenos Aires :bUniversidad de Buenos Aires. Facultad de Derecho. Departamento de Publicacionesc2004 a326 p.c24 cm. a1. La axiología jurídica de Gustav Radbruch / Rodolfo Luis Vigo – 2. La teoría jurídica discursiva no positivista de Robert Alexy / Rodolfo Luis Vigo – 3. Tribunal constitucional de Alemania “Mauerschutzen” – 4. Tribunal Europeo de Derechos Humanos: “K. – H.W.v. Alemania” – 5. Mauerschutzen. Acerca de la relación entre derecho, Moral y Punibilidad / Robert Alexy – 6. LA decisión del Tribunal Constitucional Federal alemán sobre los homicidios cometidos por los centinelas del Muro de Berlín / Roberto Alexy – 7. Una defensa de la fórmula de Radbruch / Robert Alexy – 8. La doctrina clásica de lex iniusta y la fórmula de Radbruch. Un ensayo de comparación / José Antonio Seoane – 9. Reflexiones iusfisolosóficas sobre el caso de los Guardianes del Muro / Eduardo Roberto Sodero - 1 aVigo, Rodolfo Luis